000 00314nam a2200133Ia 4500
005 20260328101448.0
008 260328s9999||||xx |||||||||||||| ||und||
100 _aEgelius, Mats
245 0 _aRalph Erskine, Architect /
_cMats Egelius
260 _bClaes
300 _a220 p.
650 _aARQUITECTOS
942 _cBK
999 _c8548
_d8548